Statistics for Countries and Territories of the Greater Antilles

Click here to take the quiz!

General Stats

  • This quiz has been taken 63 times
  • The average score is 5 of 6

Answer Stats

Country/ Territory% Correct
Cuba
100%
Dominican Republic
95%
Haiti
95%
Jamaica
93%
Puerto Rico
86%
Cayman Islands
46%

Score Distribution

Percentile by Number Answered

Percent of People with Each Score

Your Score History

You have not taken this quiz